000 01771cam a22004574i 4500
003 PE-LiUPU
005 20250731173349.0
008 150706s r 000 0 d
020 _a9780687658350
035 _a(Sirsi) i9780687658350
040 _aPE-LiUPU
_bspa
_cPE-LiUPU
_erda
049 _aPRUA
082 0 4 _a253.5
_bT77
_221
100 1 _aTownsend, Loren,
_eautor.
245 1 0 _aIntroduction to pastoral counseling /
_cLoren Townsend.
264 1 _aNashville :
_bAbingdon Press,
_c2009.
300 _a168 páginas ;
_c23 centímetros
336 _atext
_2rdacontent
337 _aunmediated
_2rdamedia
338 _avolume
_2rdacarrier
505 0 _aWho Are Pastoral Counselors? -- Pastoral Counseling: A Genealogy -- Genealogy revisited -- Contemporary pastoral counseling -- What Do Pastoral Counselors Do? -- Identity and integrating behavioral science and theology -- Forming transforming relationships -- Thinking theologically and ethically.
526 _aSEG42
526 _aSEG41
526 _aSEG40
526 _aSEG39
526 _aP94
526 _aP87
526 _aP86
526 _aP85
526 _aP77
526 _aP76
526 _aP35
541 _g25154;
650 0 4 _aConsejería pastoral.
_91495
910 _agl
_bjv
_clch
_d20100210
942 _2ddc
_cBOOK
949 _a253.5 T77
_wDEWEY
_c1
_i60942
_lCCODEBUL1
_mBUL
_p15.00
_r0
_sY
_tBOOK
_u2015-7-6
_xTEOLOGIA
_zUNKNOWN
_0COMPRA
_o.STAFF. Colección General
994 _aC0
_bPEPRU
596 _a1
999 _a253.5 T77
_wDEWEY
_c50294
_i60942
_d50294
_e2018-4-15
_f2021-11-10
_g5
_lCCODEBUL1
_mBUL
_n1
_p15.00
_q1
_r0
_sY
_tBOOK
_u2015-7-6
_xTEOLOGIA
_zUNKNOWN
_0COMPRA
_o.STAFF. Colección General
980 _81
_gALBERTO SANCHEZ Responsable de Automatización